<?xml version='1.0' encoding='UTF-8'?>
  <record xmlns="http://www.loc.gov/MARC21/slim">
    <leader>00000cam a2200000 i 4500</leader>
    <controlfield tag="001">on1533449457</controlfield>
    <controlfield tag="003">OCoLC</controlfield>
    <controlfield tag="005">20250911192247.9</controlfield>
    <controlfield tag="008">250818s1473    gw            000 0 lat d</controlfield>
    <datafield tag="040" ind1=" " ind2=" ">
      <subfield code="a">QGJ</subfield>
      <subfield code="b">eng</subfield>
      <subfield code="e">rda</subfield>
      <subfield code="e">dcrmr</subfield>
      <subfield code="c">QGJ</subfield>
      <subfield code="d">QGJ</subfield>
      <subfield code="d">OCLCO</subfield>
    </datafield>
    <datafield tag="035" ind1=" " ind2=" ">
      <subfield code="a">(OCoLC)1533449457</subfield>
    </datafield>
    <datafield tag="100" ind1="1" ind2=" ">
      <subfield code="a">Caracciolo, Roberto,</subfield>
      <subfield code="d">1425-1495,</subfield>
      <subfield code="e">author.</subfield>
      <subfield code="4">aut</subfield>
      <subfield code="1">https://id.oclc.org/worldcat/entity/E39PBJwRTkMpK3wgJtKF88Jbh3</subfield>
      <subfield code="1">http://viaf.org/viaf/61554682</subfield>
      <subfield code="1">http://isni.org/isni/0000000120269064</subfield>
    </datafield>
    <datafield tag="240" ind1="1" ind2="0">
      <subfield code="a">Sermones quadragesimales de poenitentia.</subfield>
    </datafield>
    <datafield tag="245" ind1="1" ind2="0">
      <subfield code="a">Sacre theologie m[a]gi[st]ri necno[n] sacri eloquij p[re]conis celeberrimi fratris Roberti de Litio ordi[ni]s Minoru[m] p[ro]fessoris opus q[ua]dragesi[m]ale p[er]utilissi[mu]m q[uod] de pe[n]ite[n]tia d[i]ct[u]m est</subfield>
    </datafield>
    <datafield tag="246" ind1="1" ind2=" ">
      <subfield code="i">Title according to ISTC, GW and IDL:</subfield>
      <subfield code="a">Sermones quadragesimales de poenitentia</subfield>
    </datafield>
    <datafield tag="246" ind1="3" ind2=" ">
      <subfield code="a">Opus q[ua]dragesi[m]ale p[er]utilissi[mu]m q[uod] de pe[n]ite[n]tia d[i]ct[u]m est</subfield>
    </datafield>
    <datafield tag="246" ind1="1" ind2="3">
      <subfield code="a">Quadragesimale de poenitentia</subfield>
    </datafield>
    <datafield tag="264" ind1=" " ind2="1">
      <subfield code="a">Agrippine :</subfield>
      <subfield code="b">Colhoff Johannes,</subfield>
      <subfield code="c">Mille quadri[n]genti ... sextuagintaq[ue] trini ... anni [1473]</subfield>
    </datafield>
    <datafield tag="300" ind1=" " ind2=" ">
      <subfield code="a">2 parts in 1 volume ([290]; [22]) leaves ;</subfield>
      <subfield code="c">29 cm (folio)</subfield>
    </datafield>
    <datafield tag="336" ind1=" " ind2=" ">
      <subfield code="a">text</subfield>
      <subfield code="b">txt</subfield>
      <subfield code="2">rdacontent</subfield>
    </datafield>
    <datafield tag="337" ind1=" " ind2=" ">
      <subfield code="a">unmediated</subfield>
      <subfield code="b">n</subfield>
      <subfield code="2">rdamedia</subfield>
    </datafield>
    <datafield tag="338" ind1=" " ind2=" ">
      <subfield code="a">volume</subfield>
      <subfield code="b">nc</subfield>
      <subfield code="2">rdacarrier</subfield>
    </datafield>
    <datafield tag="340" ind1=" " ind2=" ">
      <subfield code="m">folio</subfield>
      <subfield code="2">rdabf</subfield>
    </datafield>
    <datafield tag="500" ind1=" " ind2=" ">
      <subfield code="a">Title from incipit volume 1, leaf a1 recto, which reads: Sacre theologie m[a]gi[st]ri necno[n] sacri eloquij p[re]conis celeberrimi fratris Roberti de Litio ordi[ni]s Minoru[m] p[ro]fessoris opus q[ua]dragesi[m]ale p[er]utilissi[mu]m q[uod] de pe[n]ite[n]tia d[i]ct[u]m est felicit[er] incipit.</subfield>
    </datafield>
    <datafield tag="500" ind1=" " ind2=" ">
      <subfield code="a">Publication statement from poem in dactylic hexameters serving as colophon (volume 1, leaf ee10 recto): Precipium decus ytalie. sed gloria maior // Robertus fratrum me co[n]didit ecce mi[n]o[rum] // Dignus Agrippine ciuis Colhoff arte Johannes // Clarum cudit opus caste faber ille minerue // Mille quadri[n]genti dum sextuagintaq[ue] trini // Fluxerunt anni sixti sub numine quarti.</subfield>
    </datafield>
    <datafield tag="500" ind1=" " ind2=" ">
      <subfield code="a">"Sextuagintaq[ue]" should be read as: septuagintaq[ue]. "Sixti sub numine quarti" should be interpreted as: under the reign of pope Sixtus IV.</subfield>
    </datafield>
    <datafield tag="500" ind1=" " ind2=" ">
      <subfield code="a">In two parts (probably also sold separately), of which the second is also known in a variant having leaves 1a, 2a and 3a in a different setting-cf H 4487*; Voull(K) 310; Polain(B) 1003A. (ISTC).</subfield>
    </datafield>
    <datafield tag="500" ind1=" " ind2=" ">
      <subfield code="a">Caption part 2 (leaf a1 recto): Sermo in festo a[n]nu[n]tiationis virginis marie &amp; eiusdem Roberti cum tribus alijs sermonibus sequentib[us]. s. de p[re]destinato numero dampnato[rum] et de cathenis. Variant setting: Sermo i[n] festo a[n]nu[n]tiat[i]o[n]is [vir]g[in]is marie et eiusde[m] Roberti cu[m] trib[us] alijs s[er]monib[us] seque[n]tibus sc[ilicet] de p[re]desti[n]ato nu[m]ero da[m]nato[rum] et de cathe[n]is</subfield>
    </datafield>
    <datafield tag="500" ind1=" " ind2=" ">
      <subfield code="a">Explicit part 2 (leaf c6 recto): Finis triu[m] sermonu[m] Fratris Roberti. s. de annunciac[i]o[n]e virg[in]is marie. de p[re]destinato numero damnator[um] et de cathenis.</subfield>
    </datafield>
    <datafield tag="500" ind1=" " ind2=" ">
      <subfield code="a">Capital spaces without guide letters.</subfield>
    </datafield>
    <datafield tag="500" ind1=" " ind2=" ">
      <subfield code="a">Signatures part 1: a-h¹° I¹° k-o¹° p-q¹° r-z¹° &amp;¹° [con]¹ °aa–ee¹⁰; ee10v is blank.</subfield>
    </datafield>
    <datafield tag="500" ind1=" " ind2=" ">
      <subfield code="a">Signatures part 2: a-b⁸ c⁶; c6v is blank.</subfield>
    </datafield>
    <datafield tag="505" ind1="0" ind2="0">
      <subfield code="g">Part 1:</subfield>
      <subfield code="t">Sermones quadragesimales de poenitentia --</subfield>
      <subfield code="g">Part 2:</subfield>
      <subfield code="t">Sermo II in festo annuntiationis B.V.M. --</subfield>
      <subfield code="t">Sermo de praedestinato numero damnatorum --</subfield>
      <subfield code="t">Sermo de catenis.</subfield>
    </datafield>
    <datafield tag="510" ind1="4" ind2=" ">
      <subfield code="a">Incunabula Short Title Catalogue,</subfield>
      <subfield code="c">ic00173000</subfield>
      <subfield code="u">https://data.cerl.org/istc/ic00173000</subfield>
    </datafield>
    <datafield tag="510" ind1="4" ind2=" ">
      <subfield code="a">Gesamtkatalog der Wiegendrucke,</subfield>
      <subfield code="c">06069</subfield>
      <subfield code="u">https://www.gesamtkatalogderwiegendrucke.de/docs/GW06069.htm</subfield>
    </datafield>
    <datafield tag="510" ind1="4" ind2=" ">
      <subfield code="a">Incunabula in Dutch Libraries,</subfield>
      <subfield code="c">1143</subfield>
    </datafield>
    <datafield tag="510" ind1="4" ind2=" ">
      <subfield code="a">Bayerische Staatsbibliothek Inkunabelkatalog,</subfield>
      <subfield code="c">C-131</subfield>
      <subfield code="u">https://inkunabeln.digitale-sammlungen.de/Ausgabe_C-131.html</subfield>
    </datafield>
    <datafield tag="510" ind1="4" ind2=" ">
      <subfield code="a">Typenrepertorium der Wiegendrucke,</subfield>
      <subfield code="c">ma04634</subfield>
      <subfield code="u">https://tw.staatsbibliothek-berlin.de/ma04634</subfield>
    </datafield>
    <datafield tag="610" ind1="2" ind2="0">
      <subfield code="a">Catholic Church</subfield>
      <subfield code="v">Sermons</subfield>
      <subfield code="v">Early works to 1800.</subfield>
    </datafield>
    <datafield tag="650" ind1=" " ind2="0">
      <subfield code="a">Sermons, Latin</subfield>
      <subfield code="v">Early works to 1800.</subfield>
    </datafield>
    <datafield tag="610" ind1="2" ind2="6">
      <subfield code="a">Église catholique</subfield>
      <subfield code="v">Sermons</subfield>
      <subfield code="v">Ouvrages avant 1800.</subfield>
    </datafield>
    <datafield tag="650" ind1=" " ind2="6">
      <subfield code="a">Sermons latins</subfield>
      <subfield code="v">Ouvrages avant 1800.</subfield>
    </datafield>
    <datafield tag="655" ind1=" " ind2="7">
      <subfield code="a">incunabula (books)</subfield>
      <subfield code="2">aat</subfield>
    </datafield>
    <datafield tag="655" ind1=" " ind2="7">
      <subfield code="a">Incunabula.</subfield>
      <subfield code="2">lcgft</subfield>
    </datafield>
    <datafield tag="655" ind1=" " ind2="7">
      <subfield code="a">Incunables.</subfield>
      <subfield code="2">rvmgf</subfield>
    </datafield>
    <datafield tag="700" ind1="1" ind2=" ">
      <subfield code="a">Koelhoff, Johann,</subfield>
      <subfield code="d">-1493,</subfield>
      <subfield code="e">printer.</subfield>
      <subfield code="4">prt</subfield>
      <subfield code="1">https://id.oclc.org/worldcat/entity/E39PBJfH3Tjwd8p4ykfd7JmKh3</subfield>
      <subfield code="1">http://viaf.org/viaf/99864354</subfield>
      <subfield code="1">http://isni.org/isni/0000000078545247</subfield>
    </datafield>
    <datafield tag="700" ind1="1" ind2="2">
      <subfield code="i">Container of (work):</subfield>
      <subfield code="a">Caracciolo, Roberto,</subfield>
      <subfield code="d">1425-1495.</subfield>
      <subfield code="t">Sermo de catenis.</subfield>
      <subfield code="1">http://viaf.org/viaf/2568169865876192150004</subfield>
    </datafield>
    <datafield tag="700" ind1="1" ind2="2">
      <subfield code="i">Container of (work):</subfield>
      <subfield code="a">Caracciolo, Roberto,</subfield>
      <subfield code="d">1425-1495.</subfield>
      <subfield code="t">Sermo de praedestinato numero damnatorum.</subfield>
      <subfield code="1">http://viaf.org/viaf/505169865869092150004</subfield>
    </datafield>
    <datafield tag="700" ind1="1" ind2="2">
      <subfield code="i">Container of (work):</subfield>
      <subfield code="a">Caracciolo, Roberto,</subfield>
      <subfield code="d">1425-1495.</subfield>
      <subfield code="t">Sermo in festo annuntiationis virginis Mariae.</subfield>
      <subfield code="1">http://viaf.org/viaf/2129169865874692150006</subfield>
    </datafield>
    <datafield tag="752" ind1=" " ind2=" ">
      <subfield code="a">Germany</subfield>
      <subfield code="d">Cologne,</subfield>
      <subfield code="e">publication place.</subfield>
      <subfield code="4">pup</subfield>
    </datafield>
  </record>